|
|
|
|
| LEADER |
00000nab a2200000 a 4500 |
| 001 |
vtls010447000 |
| 003 |
SK-MaSNL |
| 005 |
20260305014921.0 |
| 008 |
120907 2012 xo 000 0 slo |
| 038 |
|
|
|a PPPK
|
| 040 |
|
|
|a PPPKCL
|b slo
|c PPPK
|e AACR2
|
| 041 |
0 |
|
|a slo
|
| 044 |
|
|
|a xo
|c SK
|
| 080 |
|
|
|a 614.842.83.093.1
|2 2001
|
| 100 |
1 |
|
|a Nikerle, Michal
|4 aut
|9 1097420
|
| 245 |
1 |
0 |
|a Súťaže KMH
|c Bc. Michal Nikerle
|
| 610 |
2 |
7 |
|a Dobrovoľný hasičský zbor (Gerlachov, Slovensko)
|2 pppkcl
|9 234358
|
| 611 |
2 |
7 |
|a Podtatranská olympiáda mladých hasičov
|n (11. :
|d 2012 :
|c Spišské Bystré, Slovensko)
|2 pppkcl
|9 1278402
|
| 650 |
0 |
7 |
|a dobrovoľné hasičské zbory
|2 pppkcl
|9 75563
|
| 650 |
0 |
7 |
|a hasičský šport
|2 pppkcl
|9 99154
|
| 651 |
|
7 |
|a Gerlachov (Poprad, Slovensko)
|2 pppkcl
|9 29307
|
| 651 |
|
7 |
|a Spišské Bystré (Slovensko)
|2 pppkcl
|9 54593
|
| 651 |
|
7 |
|a Poprad (Slovensko : okres)
|2 pppkcl
|9 28675
|
| 773 |
0 |
|
|t Gerlachovský informátor
|g Roč. IX, č. 1 (2012), s. 3
|
| 852 |
|
|
|a PPPK
|b KIS3GCP
|
| 999 |
|
|
|c 3272016
|d 3273946
|